La sociedad internacional / (Registro nro. 11381)

Detalles MARC
000 -LIDER
fixed length control field 00773nam a22002657a 4500
001 - NÚMERO DE CONTROL
Identificador de número de control 0011402
003 - IDENTIFICACDOR DE NÚMERO DE CONTROL
control field DO-SdBNP
005 - DATE AND TIME OF LATEST TRANSACTION
control field 20180205152257.0
007 - CAMPOS FIJOS DE DESCRIPCIÓN FÍSICA
fixed length control field 0011402
008 - ELEMENTOS DE LONGITUD FIJA
fixed length control field 160914b 1994 sp||||| |||| 00| 0 spa d
020 ## - ISBN
International Standard Book Number 9788420620831
040 ## - FUENTE DE CATALOGACIÓN
Agencia que crea de manera original el registro BPMSU
Idioma de catalogación spa
Agencia que realiza la transcripción BPMSU
092 ## - LOCALLY ASSIGNED DEWEY DECIMAL CALL NUMBER
Número de clasificación xxxxxxxxx
Número de ítem (Cutter) xxxxxxxxx
100 1# - ASIENTO PRINCIPAL -- NOMBRE PERSONAL
Nombre personal Truyol y Serra, Antonio
245 13 - MENCIÓN DE TITULO
Título La sociedad internacional /
Mención de responsabilidad Antonio Truyol y Serra
250 ## - MENCIÓN DE EDICION
Mención de edición 2a ed.
260 ## - PUBLICACIÓN, DISTRIBUCIÓN, ETC. (PIE DE IMPRENTA)
Lugar de publicación, distribución, etc Madrid :
Nombre del editor, distribuidor, etc. Alianza,
Fecha de publicación, distribución, etc 1994.
300 ## - DESCRIPCIÓN FÍSICA
Extensión 241 p. :
Dimensiones 20 cm.
490 1# - MENCIÓN DE SERIES
Mención de serie Alianza universidad
Volume/sequential designation 83
500 ## - NOTA GENERAL
Nota general El fin de la era de Yalta y la revolución del este europeo.
830 #0 - ASIENTO SECUNDARIO DE SERIE--TÍTULO UNIFORME
Título uniforme Alianza universidad
Número de la parte o sección de una obra 83
942 ## - ADDED ENTRY ELEMENTS (KOHA)
Source of classification or shelving scheme Dewey Decimal Classification
Koha item type Libros
945 ## - INFORMACIÓN DE PROCESAMIENTO LOCAL
Información de procesamiento local Inventariado, 2018/ YL
956 ## - LOCAL ELECTRONIC LOCATION AND ACCESS (OCLC)
Nombre de host BTAVÁREZ
Número de acceso 10
Información de compresión 20161409
Trayectoria 0011402
Existencias
Withdrawn status Lost status Source of classification or shelving scheme Damaged status Not for loan Collection code Home library Current library Date acquired Source of acquisition Total Checkouts Barcode Date last seen Price effective from Koha item type
    Dewey Decimal Classification     Colección General Biblioteca Pública Metropolitana Salomé Ureña Biblioteca Pública Metropolitana Salomé Ureña 09/14/2016 Donación   BPMSU16090290 09/14/2016 09/14/2016 Libros